| 000 | 00496nam a22001697a 4500 | ||
|---|---|---|---|
| 005 | 20251108164402.0 | ||
| 008 | 250721s1981 xx 000 0 ara d | ||
| 082 | 1 | 4 | _a726.2/حسي |
| 100 | 1 | _aمؤنس، حسين | |
| 245 | 1 | 0 | _aالمساجد / |
| 264 | 1 |
_aالكويت : _bالمجلس الوطني للثقافه و الفنون و الآداب، _c1981. |
|
| 300 | _a364ص : مص | ||
| 490 | 0 | _aعالم المعرفة | |
| 650 | 1 | 7 | _aالمساجد |
| 942 |
_2ddc _cBK |
||
| 999 |
_c10887 _d10887 |
||